000 00766nam a22002177a 4500
003 LK-CoDNM
005 20241105144946.0
008 241015b |||||||| |||| 00| 0 eng d
040 _aLK-CoDNM
_dLK-CoDNM
_eLK-CoDNM
041 _asin
080 _aප්‍ර.ස
_b122
245 _aසිරිලක සිරිමත් කිරීම-1995
_b1 කාණ්ඩය 4 කලාපය
260 _c1995
_aකොළඹ
_bලංකාණ්ඩුවේ මුද්‍රණාලය
300 _b40p. ; 16 cm
650 _aසිරිලක සිරිමත් කිරීම-1995
650 _a1 කාණ්ඩය 4 කලාපය
650 _aමාසික සගරාව
650 _aප්‍ර.ස 122
650 _a1995
942 _cBK
999 _c227115
_d227115